Human resource management and professional etics / (Record no. 138615)

MARC details
000 -LEADER
fixed length control field 00670nam a22002057a 4500
005 - DATE AND TIME OF LATEST TRANSACTION
control field 20170331162131.0
010 ## - LCCN (DPL NO)
LC control number ENG-117682
020 ## - INTERNATIONAL STANDARD BOOK NUMBER
International Standard Book Number 9788184845594
Terms of availability 1680.00
035 ## - SYSTEM CONTROL NUMBER
System control number EN-101214
037 ## - SOURCE OF ACQUISITION
Source of stock number/acquisition DABD/PUB
082 ## - DEWEY DECIMAL CLASSIFICATION NUMBER
Classification number 658.3
100 ## - MAIN ENTRY--PERSONAL NAME
Personal name Sharma,K.C.
245 ## - TITLE STATEMENT
Title Human resource management and professional etics /
Statement of responsibility, etc by K.C.Sharma [and] Kiyanoush Ghalavand
260 ## - PUBLICATION, DISTRIBUTION, ETC. (IMPRINT)
Place of publication, distribution, etc New Delhi
Name of publisher, distributor, etc Regal Publication
Date of publication, distribution, etc 2016
270 ## - ADDRESS
Address F-159, Rajouri Garden,
City New Delhi
Postal code 110027
300 ## - PHYSICAL DESCRIPTION
Extent xvii,388p :
Dimensions 22cm(Hb)
Other physical details ill
500 ## - GENERAL NOTE
General note Includes bibliographical references and index
700 ## - ADDED ENTRY--PERSONAL NAME
Personal name Ghalavand,Kiyanoush
942 ## - ADDED ENTRY ELEMENTS (KOHA)
Source of classification or shelving scheme Dewey Decimal Classification
Item type English Books
Classification part 658.3
Call number suffix SHA
Holdings
Withdrawn status Lost status Not for loan Collection code Home library Current library Date acquired Source of acquisition Cost, normal purchase price Full call number Barcode Copy number Cost, replacement price Koha item type
    Not For Loan Non-fiction D.B.Act.Division D.B.Act.Division 31/03/2017 DBAD/PUB 1680.00 658.3 SHA EN-101214 1 1680.00 English Books

© Delhi Public Library
Hit Counter
free hit counter